[Event "67th ch-RUS HL 2014"]
[Site "Vladivostok RUS"]
[Date "2014.06.06"]
[Round "3.22"]
[White "Gritsenko, Andrey"]
[Black "Nechaev, Oleg"]
[Result "1-0"]
[WhiteTitle "IM"]
[WhiteElo "2418"]
[BlackElo "2331"]
[WhiteFideId "4197933"]
[BlackFideId "24113409"]
[EventDate "2014.06.04"]

1. d4 Nf6 2. c4 c5 3. d5 b5 4. cxb5 a6 5. bxa6 g6 6. Nc3 Bg7 7. e4 O-O 8. Nf3 d6
9. Rb1 Nbd7 10. Bd2 Ng4 11. b3 Qb6 12. Be2 Bxa6 13. O-O Bxe2 14. Qxe2 Qa5 15.
Na4 Qa6 16. Qxa6 Rxa6 17. Bc3 Rb8 18. Bxg7 Kxg7 19. Nd2 Rb4 20. Nc3 Nb6 21. a4
f5 22. Rfe1 Kf8 23. f3 Nf6 24. Nb5 fxe4 25. fxe4 Kf7 26. Nc7 Ra7 27. Ne6 Ra8 28.
a5 Nbd7 29. Nc4 Kg8 30. h3 Nf8 31. Nxf8 Kxf8 32. e5 dxe5 33. Rxe5 Ra7 34. d6
exd6 35. Nxd6 Ra6 36. Re6 Nd5 37. Rf1+ Kg8 38. Re8+ Kg7 39. Rf7+ Kh6 40. Ne4
Rxa5 41. Nf2 Rf4 42. Ng4+ Kg5 43. Re5+ Kh4 44. Kh2 1-0

[Event "67th ch-RUS HL 2014"]
[Site "Vladivostok RUS"]
[Date "2014.06.06"]
[Round "3.23"]
[White "Nazaretyan, Tigran"]
[Black "Korniushin, Nikolay"]
[Result "1/2-1/2"]
[BlackTitle "IM"]
[WhiteElo "2195"]
[BlackElo "2357"]
[WhiteFideId "24162345"]
[BlackFideId "4123808"]
[EventDate "2014.06.04"]

1. d4 Nf6 2. c4 d6 3. Nf3 Nbd7 4. Nc3 e5 5. e4 c6 6. Be2 Be7 7. O-O O-O 8. Re1
Qc7 9. Bf1 Re8 10. Bg5 Nf8 11. c5 dxc5 12. dxe5 N6d7 13. Bxe7 Rxe7 14. Qd6 Nxe5
15. Qxc5 Nxf3+ 16. gxf3 Ng6 17. Rad1 Be6 18. Rd6 Qb6 19. Qa3 Rae8 20. Red1 Nf4
21. b4 a6 22. R6d4 Qc7 23. Qc1 Qe5 24. Qd2 Bh3 25. Ne2 Qg5+ 26. Ng3 Bxf1 27.
Rxf1 Re6 28. Rd1 Nh3+ 29. Kg2 Qxd2 30. R1xd2 Nf4+ 31. Kg1 g6 32. Ne2 Nxe2+ 33.
Rxe2 f5 34. Kg2 Kf7 35. Re3 f4 36. Red3 Kf6 37. Rd7 R8e7 38. Rd8 Re8 39. Kh3 h5
40. Kh4 R6e7 41. R3d6+ Re6 42. Rxe6+ Rxe6 43. Rf8+ Kg7 44. Rb8 Kh6 45. Rxb7 Rd6
46. Kh3 Rd2 47. Kg2 Rxa2 48. Rb6 h4 49. Rxc6 Kh5 50. Rc5+ g5 51. Ra5 Rb2 52.
Rxa6 Rxb4 53. Re6 Rb2 54. h3 Rb1 55. Rc6 Re1 56. Rf6 Ra1 57. e5 Rb1 58. Re6 Re1
59. Kh2 Rf1 60. Kg2 Re1 61. Kh2 Rf1 62. Kg2 Re1 63. Re8 Kg6 64. Rg8+ Kf5 65.
Rf8+ Ke6 66. Rf6+ Kxe5 67. Rf8 1/2-1/2

[Event "67th ch-RUS HL 2014"]
[Site "Vladivostok RUS"]
[Date "2014.06.06"]
[Round "3.24"]
[White "Zhurikhin, Alexander"]
[Black "Muratov, Sergey"]
[Result "1-0"]
[WhiteTitle "FM"]
[BlackTitle "FM"]
[WhiteElo "2333"]
[BlackElo "2219"]
[WhiteFideId "4139569"]
[BlackFideId "4131355"]
[EventDate "2014.06.04"]

1. e4 c6 2. d4 d5 3. e5 Bf5 4. h4 h5 5. c4 e6 6. Nc3 Be7 7. Be2 Bxh4 8. cxd5
exd5 9. g3 Be7 10. Bxh5 g6 11. Bf3 Rxh1 12. Bxh1 Na6 13. g4 Bd7 14. Nh3 Qb6 15.
a3 O-O-O 16. Na4 Qc7 17. Bf4 Be6 18. b4 Qd7 19. Bf3 Bh4 20. Be2 b5 21. Ng5 Kb7
22. Nb2 f6 23. Nxe6 Qxe6 24. a4 fxe5 25. Bxe5 Be7 26. axb5 cxb5 27. Bxb5 Nxb4
28. Nd3 Nxd3+ 29. Bxd3 Bb4+ 30. Kf1 Ne7 31. Ra6 Bd6 32. Qa4 Nc8 33. Qc6+ Kb8 34.
Ra1 Qe7 35. Rb1+ Nb6 36. Rxb6+ axb6 37. Qxb6+ Kc8 38. Bxg6 Kd7 39. Qb7+ Ke6 40.
Bf5+ Kf7 41. Qxd5+ Kf8 42. Bh7 Ke8 43. Qg8+ Kd7 44. Bf5+ Kc6 45. Qc4+ Kb6 46.
Qb3+ Ka7 47. Qa4+ Kb6 48. Bd3 Rb8 49. Qb5+ 1-0

[Event "67th ch-RUS HL 2014"]
[Site "Vladivostok RUS"]
[Date "2014.06.07"]
[Round "4.1"]
[White "Khismatullin, Denis"]
[Black "Shimanov, Aleksandr"]
[Result "1-0"]
[WhiteTitle "GM"]
[BlackTitle "GM"]
[WhiteElo "2671"]
[BlackElo "2643"]
[WhiteFideId "4142578"]
[BlackFideId "4198603"]
[EventDate "2014.06.04"]

1. d4 d5 2. c4 e6 3. Nc3 Nf6 4. cxd5 exd5 5. Bg5 c6 6. e3 Bf5 7. Qf3 Bg6 8. Bxf6
Qxf6 9. Qxf6 gxf6 10. Nf3 Nd7 11. Nh4 Be7 12. g3 Nb6 13. Rd1 a5 14. Bd3 a4 15.
Ke2 Bb4 16. Rc1 Nc8 17. Ng2 Bxc3 18. Rxc3 Bxd3+ 19. Kxd3 Nd6 20. Nf4 f5 21. Ke2
Ne4 22. Rcc1 Ke7 23. Rhg1 Rhg8 24. h3 Nf6 25. Rc2 Ra7 26. Rb1 Ne4 27. f3 Nd6 28.
Kf2 Raa8 29. Rh1 f6 30. Rc5 Nc4 31. g4 Kd6 32. b3 axb3 33. axb3 b6 34. bxc4 bxc5
35. dxc5+ Kxc5 36. cxd5 cxd5 37. Rd1 fxg4 38. hxg4 Ra2+ 39. Kg3 Kb6 40. Nxd5+
Kc5 41. Nxf6 Rg7 42. Rc1+ Kb4 43. e4 h6 44. e5 Ra3 45. e6 Rd3 46. Re1 Re7 47.
Kf4 Kc4 48. Ng8 Re8 49. Nxh6 Rd4+ 50. Kg5 Kd5 51. e7 Rd3 52. Nf5 1-0

[Event "67th ch-RUS HL 2014"]
[Site "Vladivostok RUS"]
[Date "2014.06.07"]
[Round "4.2"]
[White "Zvjaginsev, Vadim"]
[Black "Lysyj, Igor"]
[Result "1/2-1/2"]
[WhiteTitle "GM"]
[BlackTitle "GM"]
[WhiteElo "2642"]
[BlackElo "2670"]
[WhiteFideId "4113403"]
[BlackFideId "4150120"]
[EventDate "2014.06.04"]

1. d4 Nf6 2. c4 e6 3. Nc3 Bb4 4. Nf3 O-O 5. Bd2 d5 6. e3 c5 7. a3 Bxc3 8. Bxc3
cxd4 9. Bxd4 Nc6 10. cxd5 Nxd4 11. Qxd4 Qxd5 12. Qxd5 Nxd5 13. Bd3 b6 14. Ke2
Bb7 15. Rac1 Rac8 16. Nd4 a6 17. f3 Rfd8 18. g3 h6 19. Rhd1 Kf8 20. e4 Ne7 21.
Ke3 e5 22. Ne2 Rxc1 23. Rxc1 Rc8 24. Nc3 b5 25. Bf1 Ke8 26. a4 bxa4 27. Ra1 Bc6
28. Nxa4 Rb8 29. Bxa6 Bxa4 30. Rxa4 Rxb2 31. Bc4 Rb8 32. Ra5 f6 33. f4 exf4+ 34.
gxf4 Nc8 35. h4 Rb4 36. Be6 Nd6 37. Ra8+ Ke7 38. Bd5 Nc4+ 39. Kf3 Nd2+ 40. Ke3
Nc4+ 41. Kf3 Nd2+ 42. Kg4 Nxe4 43. Ra7+ Kd6 44. Bxe4 Rxe4 45. Kf5 Re7 46. Ra6+
Kd7 47. Ra4 g5 48. Kxf6 Re6+ 49. Kf7 Re7+ 50. Kf6 Re6+ 51. Kf7 Re7+ 52. Kf8 Re8+
53. Kg7 gxf4 54. Rd4+ Ke6 55. Re4+ Kd7 56. Rxf4 h5 57. Rf5 Re4 58. Rxh5 Ke7 1/2-1/2

[Event "67th ch-RUS HL 2014"]
[Site "Vladivostok RUS"]
[Date "2014.06.07"]
[Round "4.3"]
[White "Fedoseev, Vladimir3"]
[Black "Goganov, Aleksey"]
[Result "1/2-1/2"]
[WhiteTitle "GM"]
[BlackTitle "GM"]
[WhiteElo "2662"]
[BlackElo "2591"]
[WhiteFideId "24130737"]
[BlackFideId "24109959"]
[EventDate "2014.06.04"]

1. e4 e6 2. d4 d5 3. Nc3 Bb4 4. e5 c5 5. a3 Bxc3+ 6. bxc3 Ne7 7. Nf3 b6 8. Bb5+
Bd7 9. Bd3 Ba4 10. Qd2 c4 11. Bf1 h6 12. g3 Kd7 13. Bh3 Qg8 14. O-O Na6 15. Ne1
Qh7 16. f3 Nc7 17. Rf2 Raf8 18. Ng2 Kc6 19. Ne3 Kb7 20. Rb1 a5 21. Bb2 f5 22.
exf6 gxf6 23. Re1 Ng6 24. Ng2 Bd7 25. Bc1 h5 26. Nf4 Nxf4 27. Qxf4 e5 28. Qh4
Bxh3 29. Qxh3 h4 30. gxh4 exd4 31. cxd4 Qxh4 32. Qxh4 Rxh4 33. c3 b5 34. Rg2 Rf7
35. Rg4 Rxg4+ 36. fxg4 b4 37. axb4 axb4 38. cxb4 Nb5 39. Be3 Re7 40. Kf2 Re4 41.
h4 Nxd4 42. Bxd4 Rxd4 43. Kf3 c3 44. g5 Rxh4 1/2-1/2

[Event "67th ch-RUS HL 2014"]
[Site "Vladivostok RUS"]
[Date "2014.06.07"]
[Round "4.4"]
[White "Bukavshin, Ivan"]
[Black "Jakovenko, Dmitry"]
[Result "1/2-1/2"]
[WhiteTitle "GM"]
[BlackTitle "GM"]
[WhiteElo "2607"]
[BlackElo "2736"]
[WhiteFideId "4199758"]
[BlackFideId "4122356"]
[EventDate "2014.06.04"]

1. d4 Nf6 2. c4 e6 3. Nc3 Bb4 4. Nf3 c5 5. g3 cxd4 6. Nxd4 O-O 7. Bg2 d5 8. cxd5
Nxd5 9. Qb3 Qa5 10. Bd2 Nc6 11. Nxc6 bxc6 12. O-O Bxc3 13. bxc3 Ba6 14. Rfd1 Qc5
15. Bf3 Bc4 16. Qc2 Qa3 17. e4 Nb6 18. Bc1 Qa5 19. Be3 Rfd8 20. a4 e5 21. Qb2
Rxd1+ 22. Bxd1 Bd3 23. Bf3 Nc4 24. Qb7 Rf8 25. Qxa7 Qxa7 26. Bxa7 Ra8 27. Be3
Bc2 28. Bd1 Bxd1 29. Rxd1 f6 30. Ra1 Kf7 31. Kf1 Ke6 32. Ke2 Kd6 33. Bc1 Ra5 34.
Kd3 Nb6 35. Rb1 Nxa4 36. Be3 Rb5 37. Ra1 Nb2+ 38. Kc2 Nc4 39. Ra4 Nxe3+ 40. fxe3
Rb7 41. Ra5 1/2-1/2

[Event "67th ch-RUS HL 2014"]
[Site "Vladivostok RUS"]
[Date "2014.06.07"]
[Round "4.6"]
[White "Gabrielian, Artur"]
[Black "Tomashevsky, Evgeny"]
[Result "0-1"]
[WhiteTitle "GM"]
[BlackTitle "GM"]
[WhiteElo "2544"]
[BlackElo "2695"]
[WhiteFideId "4131002"]
[BlackFideId "4147235"]
[EventDate "2014.06.04"]

1. e4 e5 2. Nf3 Nc6 3. Bb5 a6 4. Ba4 Nf6 5. O-O Be7 6. Re1 b5 7. Bb3 O-O 8. d3
d6 9. a4 Bd7 10. c3 Na5 11. Bc2 c5 12. axb5 axb5 13. d4 Qc7 14. dxe5 dxe5 15.
Nbd2 Be6 16. Qe2 c4 17. Nf1 Nb7 18. Rxa8 Rxa8 19. Ne3 Nc5 20. Ng5 Bd7 21. Nd5
Nxd5 22. exd5 f5 23. g4 e4 24. gxf5 Bxg5 25. Bxg5 Bxf5 26. Qe3 Qd6 27. f3 Re8
28. fxe4 Nxe4 29. Bf4 Qg6+ 30. Bg3 Nf6 31. Bxf5 Qxf5 32. Qd4 Rxe1+ 33. Bxe1 Nxd5
34. Bd2 h6 35. Kg2 Kh7 36. h3 Nf6 37. Qf4 Qd3 38. Kh2 Qc2 39. Kg1 Qxb2 40. Qf5+
Kh8 41. Qc8+ Ng8 42. Qd7 Qb1+ 0-1

[Event "67th ch-RUS HL 2014"]
[Site "Vladivostok RUS"]
[Date "2014.06.07"]
[Round "4.7"]
[White "Riazantsev, Alexander"]
[Black "Grachev, Boris"]
[Result "0-1"]
[WhiteTitle "GM"]
[BlackTitle "GM"]
[WhiteElo "2692"]
[BlackElo "2661"]
[WhiteFideId "4125029"]
[BlackFideId "4129199"]
[EventDate "2014.06.04"]

1. e4 c5 2. Nf3 e6 3. d4 cxd4 4. Nxd4 Nc6 5. Nc3 a6 6. Be2 Qc7 7. Be3 b5 8. Nxc6
dxc6 9. f4 Bb7 10. Bf3 Be7 11. Qe2 Rd8 12. O-O e5 13. f5 Nf6 14. g4 h6 15. h4 b4
16. Nb1 Nd7 17. Qf2 c5 18. a3 a5 19. Nd2 Ba6 20. Rfc1 Rb8 21. Kg2 bxa3 22. Rxa3
Rxb2 23. Rca1 Rxc2 24. Rxa5 Bb7 25. R5a2 Rxa2 26. Rxa2 c4 27. Rc2 Ba6 28. Be2
Qd8 29. Kh3 Nf6 30. Bxc4 Bxc4 31. Rxc4 h5 32. g5 Ng4 33. Qe2 O-O 34. Nf3 Qd7 35.
Kg3 Ra8 36. Nh2 Nxe3 37. Qxe3 g6 38. f6 Bf8 39. Rc3 Bb4 40. Rd3 Qe6 41. Qc1 Ra2
42. Qb1 Bd2 43. Rxd2 Rxd2 44. Qa1 Rd3+ 45. Kg2 Qh3+ 46. Kh1 Rd2 0-1

[Event "67th ch-RUS HL 2014"]
[Site "Vladivostok RUS"]
[Date "2014.06.07"]
[Round "4.8"]
[White "Belous, Vladimir"]
[Black "Matlakov, Maxim"]
[Result "0-1"]
[WhiteTitle "GM"]
[BlackTitle "GM"]
[WhiteElo "2586"]
[BlackElo "2689"]
[WhiteFideId "4174003"]
[BlackFideId "4168003"]
[EventDate "2014.06.04"]

1. c4 c6 2. d4 d5 3. cxd5 cxd5 4. Nc3 Nc6 5. Bf4 Nf6 6. e3 Bf5 7. Qb3 Na5 8.
Qa4+ Bd7 9. Qc2 e6 10. Bd3 Bb4 11. a3 Bxc3+ 12. Qxc3 Rc8 13. Qb4 Nh5 14. Be5 Nc6
15. Qxb7 Nxe5 16. dxe5 d4 17. Nf3 dxe3 18. fxe3 O-O 19. Qxa7 Bc6 20. Qd4 Bxf3
21. gxf3 Qg5 22. Kf2 Rfd8 23. Qe4 f5 24. exf6 Nxf6 25. Qxe6+ Kh8 26. h4 Rc2+ 0-1

[Event "67th ch-RUS HL 2014"]
[Site "Vladivostok RUS"]
[Date "2014.06.07"]
[Round "4.9"]
[White "Inarkiev, Ernesto"]
[Black "Sjugirov, Sanan"]
[Result "0-1"]
[WhiteTitle "GM"]
[BlackTitle "GM"]
[WhiteElo "2682"]
[BlackElo "2645"]
[WhiteFideId "4162722"]
[BlackFideId "4189302"]
[EventDate "2014.06.04"]

1. e4 c6 2. d4 d5 3. e5 Bf5 4. h4 h5 5. Bd3 Bxd3 6. Qxd3 e6 7. Bg5 Qb6 8. Nd2 c5
9. c4 Qxb2 10. Rb1 Qxd4 11. Qe2 b6 12. cxd5 Qxd5 13. Ngf3 f6 14. Bf4 Nc6 15. O-O
Rd8 16. Rfe1 Nge7 17. exf6 gxf6 18. Ne4 Bg7 19. Nc3 Qf5 20. Qxe6 Qxe6 21. Rxe6
Kf7 22. Rbe1 Rc8 23. Nb5 Nf5 24. Bc7 a6 25. Rxc6 axb5 26. Rd1 Rhe8 27. Rd5 Re6
28. Ng5+ fxg5 29. Rxf5+ Bf6 30. Rxb6 Rxc7 31. Rxb5 Re1+ 32. Kh2 Re5 33. Rf3 g4
34. Rf4 Kg7 35. Rc4 Bxh4 36. f3 gxf3 37. gxf3 Be7 38. a4 Re2+ 39. Kh3 Bd6 40. f4
Rce7 41. Kh4 Kh6 42. Rb3 R7e3 43. Rxe3 Rxe3 0-1

[Event "67th ch-RUS HL 2014"]
[Site "Vladivostok RUS"]
[Date "2014.06.07"]
[Round "4.10"]
[White "Najer, Evgeniy"]
[Black "Demchenko, Anton"]
[Result "1-0"]
[WhiteTitle "GM"]
[BlackTitle "GM"]
[WhiteElo "2653"]
[BlackElo "2613"]
[WhiteFideId "4118987"]
[BlackFideId "4160258"]
[EventDate "2014.06.04"]

1. e4 e6 2. d4 d5 3. Nc3 Bb4 4. e5 c5 5. a3 Bxc3+ 6. bxc3 Qa5 7. Bd2 Qa4 8. Qb1
c4 9. h4 Nc6 10. h5 h6 11. Nf3 Bd7 12. g3 O-O-O 13. Bh3 Nge7 14. O-O Kb8 15. Nh4
Rdg8 16. Qd1 g6 17. Kh2 Nf5 18. Ng2 Ng7 19. hxg6 fxg6 20. Ne3 Ne7 21. Ng4 g5 22.
Nf6 Rf8 23. f4 gxf4 24. Bxf4 h5 25. Bh6 Nef5 26. Rxf5 Nxf5 27. Bxf8 Rxf8 28.
Bxf5 exf5 29. Nxd5 f4 30. gxf4 Qa5 31. Nf6 Rxf6 32. exf6 Qxc3 33. Qe2 h4 34.
Qe5+ Kc8 35. f5 Qxc2+ 36. Kh3 Bxf5+ 37. Kxh4 Qf2+ 38. Kg5 Bd7 39. Kg6 Qg2+ 40.
Kf7 1-0

[Event "67th ch-RUS HL 2014"]
[Site "Vladivostok RUS"]
[Date "2014.06.07"]
[Round "4.11"]
[White "Looshnikov, Nikolai"]
[Black "Khairullin, Ildar"]
[Result "1/2-1/2"]
[WhiteTitle "IM"]
[BlackTitle "GM"]
[WhiteElo "2480"]
[BlackElo "2648"]
[WhiteFideId "4150104"]
[BlackFideId "4151348"]
[EventDate "2014.06.04"]

1. e4 c5 2. Nf3 d6 3. Bb5+ Nd7 4. a4 Nf6 5. Qe2 g6 6. O-O Bg7 7. e5 dxe5 8. Nxe5
O-O 9. Nxd7 Nxd7 10. Nc3 Ne5 11. d3 a6 12. Bf4 Qd4 13. Be3 Qd6 14. Bc4 Ng4 15.
g3 Nxe3 16. fxe3 Bd7 17. Qf3 e6 18. Ne4 Qe5 19. Qf4 Qxf4 20. gxf4 Rfc8 21. a5 h6
22. c3 Kf8 23. Kf2 Ke7 24. Rg1 e5 25. Ra3 Rc7 26. Rb3 Rd8 27. Rb6 Bf5 28. Kf3 h5
29. Nf2 exf4 30. exf4 Rdd7 31. Ne4 Kf8 32. Re1 Re7 33. Kf2 Bh6 34. Ng5 Rxe1 35.
Kxe1 Re7+ 36. Kf2 Kg7 37. Bd5 Bxd3 38. Bxb7 Re2+ 39. Kg3 Re3+ 40. Kf2 Re2+ 41.
Kg3 Re3+ 42. Kf2 Re2+ 43. Kg3 1/2-1/2

[Event "67th ch-RUS HL 2014"]
[Site "Vladivostok RUS"]
[Date "2014.06.07"]
[Round "4.12"]
[White "Iskusnyh, Sergei"]
[Black "Kobalia, Mikhail"]
[Result "1/2-1/2"]
[WhiteTitle "GM"]
[BlackTitle "GM"]
[WhiteElo "2478"]
[BlackElo "2627"]
[WhiteFideId "4120027"]
[BlackFideId "4119150"]
[EventDate "2014.06.04"]

1. d4 d5 2. c4 c6 3. Nf3 Nf6 4. e3 e6 5. b3 b6 6. Bd3 Bb7 7. O-O Nbd7 8. Bb2 Bd6
9. Nc3 O-O 10. Qc2 c5 11. cxd5 exd5 12. Rfd1 Rc8 13. Bf5 a6 14. dxc5 Rxc5 15.
Ba3 Rc6 16. Nd4 Bxa3 17. Nxc6 Bxc6 18. Nb1 Bd6 19. Qxc6 Be5 20. Bxd7 Bxa1 21.
Bf5 Be5 22. Nd2 g6 23. Nf3 Qd6 24. Qxd6 Bxd6 25. Bd3 a5 26. Nd4 Rc8 27. Nb5 Bb4
28. g3 Ne4 29. a3 Bf8 30. Kg2 Rc5 31. a4 Rc8 32. Bb1 Nf6 33. Bd3 Bb4 34. h3 Ne4
35. Bb1 Nd2 36. Nd4 Nxb1 37. Rxb1 Rc3 38. Rb2 Bc5 39. Nb5 Rc1 40. Rd2 Rb1 41.
Rd3 Rb2 42. Nc7 Bb4 43. Nxd5 Bc5 44. g4 Kg7 45. g5 h6 46. h4 Rb1 47. Nf6 Be7 48.
Ne4 h5 49. Rc3 Bb4 50. Rd3 Be7 51. Kh2 Rb2 52. Kg3 Rb1 53. Nf6 Rg1+ 54. Kh2 Rb1
55. Nd5 Bc5 56. Kg2 Rb2 57. Rc3 Rb1 58. Nf6 Rb2 59. Nd7 Bb4 60. Rc8 Rxb3 61.
Nxb6 Ra3 62. Ra8 Ra2 63. Kf1 Ra1+ 64. Kg2 Ra2 65. Kf1 Ra1+ 66. Kg2 1/2-1/2

[Event "67th ch-RUS HL 2014"]
[Site "Vladivostok RUS"]
[Date "2014.06.07"]
[Round "4.13"]
[White "Potkin, Vladimir"]
[Black "Airapetian, Gor"]
[Result "1/2-1/2"]
[WhiteTitle "GM"]
[BlackTitle "IM"]
[WhiteElo "2621"]
[BlackElo "2472"]
[WhiteFideId "4131061"]
[BlackFideId "4177916"]
[EventDate "2014.06.04"]

1. d4 Nf6 2. c4 e6 3. Nf3 b6 4. g3 Ba6 5. b3 Bb4+ 6. Bd2 Be7 7. Nc3 d5 8. cxd5
exd5 9. Bg2 O-O 10. O-O Bb7 11. Qc2 Na6 12. Rfd1 Qc8 13. Ne5 Qe6 14. Nd3 Qf5 15.
b4 c6 16. Rac1 Nc7 17. a3 Ne6 18. e3 a5 19. Na4 axb4 20. Bxb4 Bxb4 21. axb4 Nd7
22. b5 Rfc8 23. bxc6 Bxc6 24. Nab2 Bb7 25. Qb1 Ng5 26. Nf4 Qxb1 27. Rxb1 Ne4 28.
Bh3 Rc7 29. Rdc1 Rxc1+ 30. Rxc1 Ndf6 31. f3 Nd6 32. Nfd3 g5 33. Ne5 Ra3 34. Nbd3
Nc4 35. Rb1 Kg7 36. Bf1 Ba6 37. Be2 Ra2 38. Nc1 Ra3 39. Ncd3 Ra2 40. Nc1 Ra3 41.
Ncd3 1/2-1/2

[Event "67th ch-RUS HL 2014"]
[Site "Vladivostok RUS"]
[Date "2014.06.07"]
[Round "4.15"]
[White "Gochelashvili, David"]
[Black "Vorobiov, Evgeny E."]
[Result "1/2-1/2"]
[WhiteTitle "IM"]
[BlackTitle "GM"]
[WhiteElo "2431"]
[BlackElo "2587"]
[WhiteFideId "4161203"]
[BlackFideId "4121341"]
[EventDate "2014.06.04"]

1. e4 c5 2. Nf3 e6 3. c3 d5 4. exd5 Qxd5 5. d4 Nf6 6. Bd3 Be7 7. O-O O-O 8. Qe2
Nc6 9. dxc5 Qxc5 10. Nbd2 Rd8 11. Ne4 Nxe4 12. Qxe4 g6 13. Rd1 Bd7 14. Be3 Qf5
15. Qc4 Qa5 16. b4 Qh5 17. Be2 Qf5 18. b5 Ne5 19. Qc7 Nxf3+ 20. Bxf3 Qxb5 21.
Bxb7 Rab8 22. Rab1 Be8 23. Qxe7 Qxb7 24. Qxb7 Rxb7 25. Bd4 Bc6 26. Rxb7 Bxb7 27.
Rb1 Be4 28. Re1 f5 29. f3 Bd5 30. Rb1 g5 31. Bxa7 Ra8 32. Rb8+ Rxb8 33. Bxb8
Bxa2 34. Kf2 f4 35. g3 fxg3+ 36. Bxg3 Kf7 37. Ke3 Bd5 38. f4 gxf4+ 39. Kxf4 Ke7
40. Ke5 Kd7 1/2-1/2

[Event "67th ch-RUS HL 2014"]
[Site "Vladivostok RUS"]
[Date "2014.06.07"]
[Round "4.16"]
[White "Shomoev, Anton"]
[Black "Moiseenko, Vadim"]
[Result "1/2-1/2"]
[WhiteTitle "GM"]
[BlackTitle "IM"]
[WhiteElo "2574"]
[BlackElo "2474"]
[WhiteFideId "4135148"]
[BlackFideId "4123700"]
[EventDate "2014.06.04"]

1. e4 c5 2. Nf3 a6 3. Nc3 Nc6 4. d4 cxd4 5. Nxd4 e5 6. Nf5 d6 7. Nd5 Bxf5 8.
exf5 Nce7 9. c3 Nxd5 10. Qxd5 Qd7 11. g4 Ne7 12. Qf3 h5 13. h3 hxg4 14. hxg4
Rxh1 15. Qxh1 d5 16. Bg5 Qa4 17. Qf3 f6 18. Be3 O-O-O 19. Bg2 Nc6 20. Qd1 Qa5
21. Qb3 Bc5 22. Bxc5 Qxc5 23. Rd1 e4 24. Qc2 Ne5 25. Rd4 Qa5 26. b4 Qc7 27. Qb3
Nxg4 28. c4 Qh2 29. Qg3 Qxg3 30. fxg3 Ne3 31. Kf2 Nc2 32. Rxd5 Rxd5 33. cxd5
Nxb4 34. a3 Nc2 35. a4 e3+ 36. Ke2 Nd4+ 37. Kxe3 Nxf5+ 38. Kf4 Nd6 39. Kg4 g6
40. Bf1 Nf7 41. Kf4 Kc7 42. a5 b6 43. axb6+ Kxb6 44. g4 a5 45. Bd3 a4 46. Bxg6
a3 47. Bb1 Nd6 48. Ke3 Kc5 49. Ba2 Nf7 50. Ke4 Nd6+ 51. Ke3 Nf7 52. Ke4 Kd6 53.
Kd4 Ne5 54. Kc3 Nxg4 55. Bb1 Kxd5 56. Kb3 Nf2 57. Bg6 a2 58. Kxa2 Nd3 59. Bxd3
f5 60. Bxf5 1/2-1/2

[Event "67th ch-RUS HL 2014"]
[Site "Vladivostok RUS"]
[Date "2014.06.07"]
[Round "4.17"]
[White "Nevostrujev, Vladimir"]
[Black "Oparin, Grigoriy"]
[Result "1-0"]
[WhiteTitle "GM"]
[BlackTitle "GM"]
[WhiteElo "2421"]
[BlackElo "2552"]
[WhiteFideId "4114345"]
[BlackFideId "24125890"]
[EventDate "2014.06.04"]

1. e4 c5 2. Nf3 d6 3. d4 cxd4 4. Nxd4 Nf6 5. Nc3 a6 6. g3 e5 7. Nde2 Be7 8. Bg2
O-O 9. a4 Be6 10. O-O Nbd7 11. Kh1 Rc8 12. f4 Qb6 13. a5 Qc5 14. Bd2 exf4 15.
gxf4 Ng4 16. f5 Bc4 17. b3 Bxe2 18. Qxe2 Bf6 19. e5 Qxe5 20. Qxg4 Rxc3 21. Bxc3
Qxc3 22. Ra2 Ne5 23. Qg3 Qc7 24. b4 h5 25. Bd5 Ng4 26. h3 Be5 27. Qd3 Nf6 28. c4
Rc8 29. Bf3 b6 30. axb6 Qxb6 31. Rb1 Bd4 32. Rd2 Be5 33. Ra2 Bd4 34. c5 dxc5 35.
Rxa6 Qd8 36. Rd1 Ng4 37. Bxg4 hxg4 38. Qe4 Qc7 39. b5 gxh3 40. b6 Qd6 41. Rb1
Qg3 42. b7 Rb8 43. Ra2 Kh7 44. Rf1 f6 45. Rd2 Kh8 46. Rb1 Kg8 47. Rd3 Qd6 48.
Qe6+ Qxe6 49. fxe6 Kf8 50. Ra3 Ke7 51. Ra8 Be5 52. Rb5 Kxe6 53. Rxb8 Bxb8 54.
Rxc5 g5 55. Rc8 Bf4 56. b8=Q Bxb8 57. Rxb8 g4 58. Kh2 f5 59. Kg3 Kf6 60. Rg8 Ke5
61. Rf8 Ke4 62. Re8+ Kd4 63. Re7 Kd5 64. Kf4 Kd6 65. Re8 Kd7 66. Rh8 1-0

[Event "67th ch-RUS HL 2014"]
[Site "Vladivostok RUS"]
[Date "2014.06.07"]
[Round "4.18"]
[White "Evdokimov, Alexander A."]
[Black "Kravtsov, Sergey"]
[Result "1/2-1/2"]
[WhiteTitle "GM"]
[BlackTitle "IM"]
[WhiteElo "2548"]
[BlackElo "2311"]
[WhiteFideId "4139275"]
[BlackFideId "4123816"]
[EventDate "2014.06.04"]

1. Nf3 Nf6 2. c4 g6 3. Nc3 Bg7 4. d4 O-O 5. Bf4 d5 6. e3 c5 7. dxc5 Qa5 8. Rc1
dxc4 9. Bxc4 Qxc5 10. Bb3 Nc6 11. O-O Qa5 12. h3 h6 13. Qe2 g5 14. Bg3 g4 15.
hxg4 Bxg4 16. Rfd1 Qh5 17. Bc2 Rad8 18. a3 a6 19. Bb1 Rxd1+ 20. Rxd1 Re8 21. Ne4
Nd7 22. Qc2 Nde5 23. Nxe5 Bxd1 24. Nf6+ exf6 25. Qh7+ Kf8 26. Nxc6 Re6 27. Nd4
Ba4 28. f3 f5 29. Bxf5 Rg6 30. Bxg6 Qxg6 31. Bd6+ Ke8 32. Qg8+ Kd7 33. Qb8 Qxd6
34. Qxb7+ Qc7 35. Qd5+ Kc8 36. Qa8+ Kd7 37. Qxa6 Bc6 38. Qc4 Bxd4 39. Qxf7+ Kc8
40. Qxc7+ Kxc7 41. exd4 Kd6 42. Kf2 Kd5 43. Ke3 h5 44. Kf4 Kxd4 45. Kg5 Be8 46.
f4 Ke4 47. b3 Bf7 48. b4 Be8 49. g3 Kf3 50. Kh4 Ke4 51. Kg5 Kf3 52. Kh4 Ke4 53.
a4 Bxa4 54. Kxh5 Kf5 55. Kh6 Bd7 56. Kg7 Kg4 57. Kf6 Kxg3 58. Kg5 Kf3 59. f5 Ke4
60. f6 Be8 61. b5 Kd5 62. b6 1/2-1/2

[Event "67th ch-RUS HL 2014"]
[Site "Vladivostok RUS"]
[Date "2014.06.07"]
[Round "4.19"]
[White "Chekhov, Sergei"]
[Black "Stukopin, Andrey"]
[Result "0-1"]
[WhiteTitle "IM"]
[BlackTitle "GM"]
[WhiteElo "2467"]
[BlackElo "2546"]
[WhiteFideId "4195639"]
[BlackFideId "24107131"]
[EventDate "2014.06.04"]

1. e4 c5 2. c3 Nf6 3. e5 Nd5 4. d4 cxd4 5. Qxd4 e6 6. Bc4 Nc6 7. Qe4 d6 8. Nf3
dxe5 9. Nxe5 Bd6 10. Nxc6 bxc6 11. O-O O-O 12. Nd2 f5 13. Qe2 Qc7 14. Nf3 e5 15.
Rd1 Bb7 16. Ng5 Rae8 17. Bb3 Bc5 18. Be3 Bxe3 19. Qxe3 h6 20. Nf3 Kh7 21. Qxa7
Nb6 22. Qa5 c5 23. Qb5 Bxf3 24. gxf3 e4 25. Qe2 Qc6 26. f4 c4 27. Bc2 Nd5 28.
Qd2 Rd8 29. h3 Qc7 30. a4 Nxf4 31. Qe3 Rb8 32. Ra2 Rb6 33. Kh1 Rg6 34. Rg1 Nd5
35. Qd2 Rxg1+ 36. Kxg1 Rd8 37. Ra1 Nb4 38. Qe2 Nxc2 39. Qxc2 Rd3 40. Re1 Rxh3
41. b4 cxb3 42. Qxb3 Qh2+ 43. Kf1 Qh1+ 44. Ke2 Qf3+ 45. Kd2 Qxf2+ 46. Re2 Rd3+ 0-1